Morbihan - mort subite - Statistiques

Statistiques générales
  • Ce quiz a été pris 61 fois
  • Le résultat moyen est 14 sur 18
Answers on the Grid
Answers color-coded by a green-red scale on the quiz's grid according to % correct below.
Mbarara
Tuzla
Baraka
Les alignements de Carnac
Lorient
Prizren
Percut Sei Tuan
Concarneau
Kabwe
Vannes
Belle-Île
Lanester
Leskovac
Kassala
Hennebont
Pontivy
Pluvigner
Meerut
Minna
Baud
Larkana
Larmor-Plage
Ruiru
Josselin
Crac'h
Quiberon
Quimperlé
Rubavu
Landévant
Plouay
Ormoc
Ploërmel
Mbeya
Rohan
Nyíregyháza
Guémené-sur-Scorff
 
Statistiques - réponses
Réponse % Correct
Lorient
89%
Vannes
89%
Pontivy
85%
Quiberon
85%
Hennebont
83%
Les alignements de Carnac
83%
Ploërmel
83%
Belle-Île
80%
Lanester
78%
Larmor-Plage
78%
Crac'h
76%
Baud
72%
Josselin
72%
Landévant
72%
Plouay
72%
Guémené-sur-Scorff
70%
Rohan
70%
Pluvigner
65%
Aucun quiz correspondant
Distribution des résultats
% des personnes avec chaque résultat
Percentile par nombre de réponses
Votre historique - résultats
Vous n’avez pas pris ce quiz